000 00474nam a22001817a 4500
999 _c20764
_d20764
003 BDDh-ASL
005 20231015025931.0
008 210113s1980 enk||||| |||| 00| 0 eng d
040 _cBDDh-ASL
082 _a297.12
_bZAG
245 0 0 _aGardens of the Righteous /
260 _aLondon:
_bCurzon Press,
_c1980.
300 _a332 p.:
_c21 cm.
650 0 _91652
_aIslam
_xReligion
650 0 _91854
_aQuran
700 1 _92749
_aKhan, Muhammad Zafrulla
942 _2ddc
_cBK